Statistiques concernant Pires pays où être LGBT+ - Europe

Cliquez ici pour prendre le quiz!

Statistiques générales

  • Ce quiz a été pris 446 fois
  • Le résultat moyen est 5 sur 10

Statistiques - réponses

% d'égalités des droitsPays% Correct
31%Russie
96%
29%Biélorussie
69%
37%Albanie
65%
38%Turquie
57%
35%Macédoine du Nord
48%
36%Moldavie
46%
33%Vatican
45%
27%Arménie
29%
38%Géorgie
29%
27%Azerbaïdjan
22%

Distribution des résultats

Percentile par nombre de réponses

% des personnes avec chaque résultat

Votre développement - résultats

Vous n’avez pas pris ce quiz